000 00943nam a22002057a 4500
999 _c62837
_d62837
003 Ge_BSU
005 20250306124742.0
008 250306s1997 ge ||||| |||| 00| 0 geo d
041 _ageo
080 _a612.67(075) ფ-82
100 _aფორაქიშვილი, ნინო
_924475
245 _aდაბერების იმუნოპათოლოგია და დღეგრძელობის პროგნოზირება :
_b[დამხმ. სახელმძღვ. /
_cმთ. რედ.: გ. თუმანიშვილი].
264 _aთბ. :
_b მეცნიერება,
_c1997.
300 _a407გვ. ;
_b2სმ.
504 _aბიბლიოგრ.: გვ. 303-345.
653 _aიმუნოლოგია
653 _aმედიცინა
653 _aდაბერების იმუნოპათოლოგია
942 _2udc
_cᲬᲘᲒᲜᲘ